BIBLIOTHÈQUE DE LA MAISON DU MEXIQUE

Logo 1 Logo 2

Lo mexicano de lo mexicano (notice nᵒ 4386)

détails MARC
000 -Sello discográfico
campo de control de longitud fija 00847nam a2200277 4500
005 - Identificación de versión
campo de control 20251016082625.0
035 ## - Otros números de control del sistema
Número de control del sistema 26560
099 ## - fechas locales
Tipo de ítem Koha LIBRO
100 ## - Datos de procesamiento general
Datos de procesamiento general 19990705d1987 m y1spay5003 ba
105 ## - Campo de datos codificados: Material textual, monográfico
Datos codificados de monografía a 001zy
200 1# - Título y mención de responsabilidad
Título propio Lo mexicano de lo mexicano
Designación general del material texto impreso
Primer mención de responsabilidad Museo de Arte Moderno
210 ## - Publicación, distribución, etc.
Lugar de publicación, distribución, etc. México
Nombre del editor, distribuidor, etc. Museo de Arte Moderno
Fecha de publicación, distribución, etc. 1987
215 ## - Descripción física
Designación de material específico y extensión del ítem 23 p
Otras características físicas il., fot.
Dimensiones 25 cm
345 ## - Nota de información de adquisición
Fuente de adquisición/dirección de la suscripción [OBSOLETO] Donación del Centro Cultural
410 #1 - Series
Título Museo de Arte Moderno
Nombre de parte o sección Septiembre-Noviembre
Número de volumen 3
606 ## - Término temático usado como materia
Elemento de entrada Arte moderno
Subdivisión temática Exposiciones
Subdivisión cronológica Siglo XX
Número Koha 3003
660 ## - Código de área geográfica
Código MX
710 ## - Nombre de entidad corporativa - Responsabilidad primaria
Elemento de entrada Museo de Arte Moderno
Adición al nombre o calificador México
Número Koha 1104
801 #0 - Fuente de origen
Agencia cm
900 ## -
-- 1/19115
900 ## -
-- 7109911026\050799
942 ## - ELEMENTOS DE ENTRADA SECUNDARIOS (KOHA)
Tipo de ítem Koha Livre
996 ## -
-- MEX
-- 751145101
-- MMAG
-- 006467
-- 709.04 M986LO
-- 20220607LIV
Exemplaires
Estatus retirado Estado de daño Estado de pérdida Fecha de adquisición Biblioteca de origen Biblioteca actual Ubicación en estantería Código de barras Precio de reemplazo Signatura topográfica completa No para préstamo Tipo de ítem Koha Nota pública Nota no pública
      05/08/2025 Casa México Paris Casa México Paris   006467 05/08/2025 709.04 M986LO   Livre 20220607LIV 751145101